00437nam a22001097a 4500100002600000245012400026260005200150300001100202942000800213999001500221952009100236 aWeththasingh, Chamari aDetermination of Semiochemicals in Giricidia sepium on then Behavior of low country wood termite Glypotermes dilatatus/ aColombo:bInstitute of chemistry ceylon,c2016. ax,39p: cDES c3750d3750 0010708NFICaICbICcGENd2016-11-23l0pD0242r2016-11-23 00:00:00w2016-11-23yDIS